000 00801nam a2200229Ia 4500
003 OSt
005 20220925210527.0
006 a|||||r|||| 00| 0
007 ta
008 220923b |||||||| |||| 00| 0 eng d
037 _cGeneral Book
040 _aRTL
_cRTL
_beng
041 _2eng
_aeng
082 _aSingmasn2,N50, 415 CD-ROM P
100 _aNational samples survey (NSS) report, 50th round
_9272495
245 0 _aReported adequancy of food intake in India, 1993-94. Report no. 415
260 _aIndia
_bGovt. Press
_c1993
490 _aConsumer expenditures
650 _aNational Sample Survey NSS Report
_9272496
942 _hSingmasn2,N50, 415 CD-ROM P
_cGB
_2CC
999 _c555348
_d555348